000
00301nam a2200109Ia 4500
008
180213s9999||||xx |||||||||||||| ||und||
020
_a
9789869451734
100
_a
劉采豔
245
0
_c
劉采豔
_a
這些藥不能一起吃!遠離藥物交互作用100例
250
_a
初版
260
_c
2017
_a
台北市
942
_2
ccl
_c
BOOK
999
_c
4287
_d
4287